|
|
|
|
| LEADER |
00000naa2a2200000 4500 |
| 001 |
576743 |
| 005 |
20231101130336.0 |
| 035 |
|
|
|a (RuTPU)RU\TPU\prd\275871
|
| 035 |
|
|
|a RU\TPU\tpu\4640
|
| 090 |
|
|
|a 576743
|
| 100 |
|
|
|a 20180301a1958 k y0rusy50 ca
|
| 101 |
0 |
|
|a rus
|
| 102 |
|
|
|a RU
|
| 200 |
1 |
|
|a Исследование работы синхронно-реактивных двигателей
|f Е. В. Кононенко
|
| 320 |
|
|
|a Библиогр.: 12 назв.
|
| 461 |
|
|
|0 (RuTPU)RU\TPU\prd\195
|t Известия вузов. Электромеханика
|d 1958-
|
| 463 |
|
|
|0 (RuTPU)RU\TPU\prd\45072
|t № 5
|v С. 23-24
|d 1958
|
| 610 |
1 |
|
|a электрические машины
|
| 610 |
1 |
|
|a электроприводы
|
| 610 |
1 |
|
|a труды учёных ТПУ
|
| 700 |
|
1 |
|a Кононенко
|b Е. В.
|c российский ученый
|c профессор кафедры электрических машин и аппаратов Томского политехнического института
|f 1928-
|g Евгений Васильевич
|2 stltpush
|3 (RuTPU)RU\TPU\pers\19800
|
| 801 |
|
0 |
|a RU
|b 63413507
|c 20011210
|g PSBO
|
| 801 |
|
2 |
|a RU
|b 63413507
|c 20180301
|g PSBO
|
| 942 |
|
|
|c BK
|